Most Populated City by Country Flag - Statistics

General Stats
  • This quiz has been taken 1,132 times
    1,116 since last reset
  • The average score is 18 of 20
Answer Stats
Picture Answer % Correct
New York City
99%
Paris
99%
Rome
98%
Tokyo
97%
London
95%
Seoul
94%
Berlin
93%
Toronto
92%
Athens
91%
Helsinki
90%
Istanbul
90%
Oslo
90%
Stockholm
89%
Copenhagen
86%
Sao Paulo
84%
Johannesburg
82%
Zurich
80%
Auckland
77%
Kuala Lumpur
75%
Kinshasa
64%
No matching quizzes found
Score Distribution
Percent of People with Each Score
Percentile by Number Answered
Your Score History
You have not taken this quiz since the last reset